Ecology of shallow lakes /

Guardado en:
Autor Principal: Scheffer, Marten.
Formato: Libro
Idioma:English
Publicado: London : Chapman & Hall, 1998.
Edición:1a. ed.
Series:Population and community biology series, 22
Materias:
Etiquetas: Agregar Etiqueta
Sin Etiquetas, Sea el primero en etiquetar este registro!
LEADER 00711nam a22002415a 4500
001 EUN.um068265
003 AR-BaUNS
005 20050623122932.0
008 041125s1998####xxka##########000#0#eng#d
245 1 0 |a Ecology of shallow lakes /  |c Marten Scheffer. 
260 |a London :  |b Chapman & Hall,  |c 1998. 
300 |a xx, 357 p. :  |b ill. ;  |c 24 cm. . 
490 0 |a Population and community biology series, 22 
020 |a 0412749203 
100 1 |a Scheffer, Marten. 
082 0 4 |a 574.52632 
250 |a 1a. ed. 
653 |a Ecologia 
653 |a Lagos 
653 |a Agua dulce 
653 |a Ecologia acuatica 
653 |a Ecosistemas de agua dulce 
859 |a Ar-BaUNS  |b BIB. CENTRAL - Sector A  |h 574.52632  |i Sc23  |p 111685/000